00420nam a22001577a 450000500170000001000150001702000260003203500130005803700130007108200120008410000210009624500460011726000350016327000430019830000210024120140630123315.0 aENG-110174 a9789350484845c300.00 aEN-93706 bDBAD/PUB a488.203 aVaishnav, Harmik aDictionary of verbs /cby Harmik Vaishnav aNew DelhibPrabhat Booksc2013 a4/19 Asaf Ali Road bNew Delhie110002 a254p. c22cm(Hb)